La seda en la liturgia (Record no. 61453)

MARC details
000 -LEADER
campo de control de longitud fija 00622nam a2200157 i 4500
001 - NÚMERO DE CONTROL
campo de control 61453
003 - IDENTIFICADOR DE NÚMERO DE CONTROL
campo de control ES-MaACL
005 - FECHA Y HORA DE LA ÚLTIMA TRANSACCIÓN
campo de control 20230906164447.0
007 - CAMPO FIJO DE DESCRIPCIÓN FÍSICA--INFORMACIÓN GENERAL
campo de control de longitud fija t|
008 - DATOS DE LONGITUD FIJA--INFORMACIÓN GENERAL
campo de control de longitud fija 030317q1952 sp ||||1| spa d
111 2# - ENTRADA PRINCIPAL--NOMBRE DE CONGRESO/REUNIÓN
Nombre de congreso/reunión o jurisdicción como elemento de entrada Exposición de la Seda de la Liturgia (
Fecha del congreso o de la firma del tratado 1952.
Sede del congreso/Lugar de la reunión Barcelona)
9 (RLIN) 676
245 13 - MENCIÓN DEL TÍTULO
Título La seda en la liturgia
Resto del título : exposición organizada por el Colegio de Arte Mayor de la Seda de Barcelona con ocasión del XXXIV Congreso Eucarístico Internacional, Mayo-Junio 1952.
260 ## - PUBLICACIÓN, DISTRIBUCIÓN, ETC.
Lugar de publicación, distribución, etc. Barcelona :
Nombre del editor, distribuidor, etc. [s.n.,
Fecha de publicación, distribución, etc. 1952?] (
Fabricante R. Giralt Miracle)
300 ## - DESCRIPCIÓN FÍSICA
Extensión 46 p., 34 lám, ;
Dimensiones 25 cm.
852 ## - LOCALIZACIÓN
Ubicación ES-MaACL
Número de control de estantería D-9026
Sublocalización o colección R.32495
Holdings
Estatus retirado Estado de pérdida Estado de daño No para préstamo Biblioteca de origen Biblioteca actual Ubicación en estantería Fecha de adquisición Fuente de adquisición Total de préstamos Signatura topográfica completa Código de barras Visto por última vez Precio de reemplazo Tipo de ítem Koha
        Biblioteca del Ateneo de Madrid Biblioteca del Ateneo de Madrid Sala Valle Inclán 17/01/2008     D-9026 901064438 23/02/2023 23/02/2023 Libro impreso